उत्तररामचरित / (Record no. 37496)

MARC details
000 -LEADER
fixed length control field 01144nam a22002537a 4500
005 - DATE AND TIME OF LATEST TRANSACTION
control field 20100724110050.0
010 ## - LCCN (DPL NO)
LC control number HIN-89808
020 ## - INTERNATIONAL STANDARD BOOK NUMBER
International Standard Book Number 9788170287797
Terms of availability 75.00
035 ## - SYSTEM CONTROL NUMBER
System control number HN-62154
037 ## - SOURCE OF ACQUISITION
Source of stock number/acquisition DBAD/PUB
082 ## - DEWEY DECIMAL CLASSIFICATION NUMBER
Classification number 822
100 ## - MAIN ENTRY--PERSONAL NAME
Personal name भवभूति
245 ## - TITLE STATEMENT
Title उत्तररामचरित /
Statement of responsibility, etc भवभूति; इन्द्र द्वारा अनुदित
246 ## - VARYING FORM OF TITLE
Title proper/short title Uttarramcharit
Remainder of title by Bhavbhooti
260 ## - PUBLICATION, DISTRIBUTION, ETC. (IMPRINT)
Place of publication, distribution, etc दिल्ली
Name of publisher, distributor, etc राजपाल एण्ड सन्ज
Date of publication, distribution, etc 2009
270 ## - ADDRESS
Address कश्मीरी गेट
City दिल्ली
Postal code 110006
Electronic mail address mail@rajpalpublishing.com
Telephone number 9788170287 / 797
300 ## - PHYSICAL DESCRIPTION
Extent 96पृ.
Dimensions 22सेमी (अजिल्द)
500 ## - GENERAL NOTE
General note प्रसिद्द संस्कृत नाटक का हिन्दी रूपान्तर
650 ## - SUBJECT ADDED ENTRY--TOPICAL TERM
Topical term or geographic name as entry element हिन्दी नाटक
650 ## - SUBJECT ADDED ENTRY--TOPICAL TERM
Topical term or geographic name as entry element Hindi Drama
700 ## - ADDED ENTRY--PERSONAL NAME
Personal name इन्द्र
9 (RLIN) 1143
942 ## - ADDED ENTRY ELEMENTS (KOHA)
Source of classification or shelving scheme Dewey Decimal Classification
Item type Hindi Books
Classification part 822
Call number suffix भवभू
Holdings
Withdrawn status Lost status Not for loan Collection code Home library Current library Date acquired Source of acquisition Cost, normal purchase price Full call number Barcode Copy number Cost, replacement price Koha item type
    Not For Loan Non-fiction D.B.Act.Division D.B.Act.Division 24/07/2010 DBAD / PUB 75.00 822 भवभू HN-62154 1 75.00 Hindi Books

© Delhi Public Library
Hit Counter
free hit counter